000 00760nam a2200181 i 4500
001 bgj
100 1 _aLarive
_d(185.-19..).
245 1 0 _aExercises francais Troisieme annee :
_brevison et complementes de grammaire, formation et derivation des mots, expresions latines, locutions historiques, formation de la langue francaise, notions de mythologie, logique, morceaux choisis avec questions d'examen, sujets de redaction, lexique /
_cLarive et Fleury.
260 _aParis :
_bLibrairie Armand Colin,
_c1901.
300 _a711 S. ;
_c19 cm.
650 9 _aFrench Language
_xGrammar
650 9 _aFrench Language
_xComposition and exercises
700 1 _aFleury.
040 _cBPK
041 0 _afre
942 _cKS
008 s1901 fr f |000 0 fre
999 _c50739
_d50739